[Event "Berlin-ch Class-D"]
[Site "Berlin"]
[Date "2010.05.15"]
[Round "7"]
[White "Kaufmann, Mathias"]
[Black "Kantusch, Tobias"]
[Result "1-0"]
[WhiteElo "1300"]
[BlackElo "886"]
[PlyCount "53"]
[EventDate "2010.05.12"]
[EventType "tourn"]
[EventRounds "9"]
[EventCountry "GER"]
[SourceTitle "EXT 2012"]
[Source "ChessBase"]
[SourceDate "2011.11.24"]
[SourceVersion "1"]
[SourceVersionDate "2011.11.24"]
[SourceQuality "1"]

1. c4 c5 2. b3 Nf6 3. Bb2 d5 4. cxd5 Nxd5 5. Nc3 e5 6. Nxd5 Qxd5 7. e3 Bf5 8. d3 Nc6 9. e4 Qd7 10. exf5 Qxf5 11. Qf3 Qd7 12. Bc3 Nb4 13. Bxb4 cxb4 14. Rc1 Be7 15. Qg3 Bf6 16. Nf3 0-0 17. Be2 Rfe8 18. 0-0 a5 19. Rfe1 e4 20. dxe4 Rxe4 21. Bc4 Rxe1+ 22. Nxe1 Qd2 23. Qe3 Qxa2 24. Bd3 a4 25. Qc5 h6 26. Qc8+ Rxc8 27. Rxc8+ 1-0